[Event "WinterChess sub 2200 enero 2013"]
[Site "Palma de Mallorca ESP"]
[Date "2013.01.12"]
[Round "1.1"]
[White "Caliz Morales, Felipe"]
[Black "Bestard Borras, Miguel"]
[Result "0-1"]
[WhiteElo "1838"]
[BlackElo "2178"]
[PlyCount "120"]
[EventDate "2013.01.12"]
[EventType "swiss"]
[EventRounds "9"]
[EventCountry "ESP"]
[Source "lmi"]
[SourceDate "2013.01.12"]

1. Nf3 d5 2. c4 c6 3. b3 Bf5 4. Bb2 e6 5. g3 h6 6. Bg2 Nf6 7. O-O Be7 8. d3 O-O
9. Nbd2 a5 10. Re1 Na6 11. e4 dxe4 12. dxe4 Bh7 13. e5 Nd7 14. Ne4 Ndc5 15.
Nxc5 Nxc5 16. Qe2 Qc7 17. Red1 Rfd8 18. Ne1 a4 19. b4 a3 20. bxc5 axb2 21. Qxb2
Bxc5 22. Qe2 Rxd1 23. Rxd1 Rd8 24. Rxd8+ Qxd8 25. Be4 Bxe4 26. Qxe4 Qd2 27. Nd3
Bf8 28. a4 Qd1+ 29. Kg2 Qxa4 30. Qd4 b5 31. Nb2 Qb4 32. Nd3 Qxc4 33. Qxc4 bxc4
34. Ne1 Bb4 35. Nc2 c5 36. Kf3 f6 37. exf6 gxf6 38. Ke2 Kf7 39. Ne3 c3 40. Kd3
Kg6 41. f4 h5 42. h3 f5 43. h4 Kf6 44. Kc2 e5 45. fxe5+ Kxe5 46. Ng2 Ke4 47.
Nf4 Kf3 48. Nxh5 Kg4 49. Ng7 Ba5 50. h5 Bc7 51. Ne6 Be5 52. h6 Kh5 53. h7 Kh6
54. Nxc5 Kxh7 55. Nd3 Bh8 56. Nf4 Kh6 57. Kd3 Kg5 58. Ne2 Kg4 59. Ke3 Be5 60.
Kd3 Kf3 0-1

[Event "WinterChess sub 2200 enero 2013"]
[Site "Palma de Mallorca ESP"]
[Date "2013.01.12"]
[Round "1.2"]
[White "Gaya Llodra, Juan"]
[Black "Oliver Font, Jose Luis"]
[Result "1-0"]
[WhiteElo "2173"]
[BlackElo "1838"]
[PlyCount "75"]
[EventDate "2013.01.12"]
[EventType "swiss"]
[EventRounds "9"]
[EventCountry "ESP"]
[Source "lmi"]
[SourceDate "2013.01.12"]

1. d4 Nf6 2. Nf3 c6 3. g3 d5 4. Bg2 e6 5. O-O Bd6 6. c4 Nbd7 7. cxd5 exd5 8.
Nc3 O-O 9. Nh4 Re8 10. Qd3 Qc7 11. f4 Bb4 12. Nf3 Bxc3 13. bxc3 Ne4 14. Ne5
Ndf6 15. f5 Qa5 16. Bd2 c5 17. Be1 c4 18. Qc2 Bd7 19. Bxe4 Ba4 20. Qb2 Nxe4 21.
Qxb7 Nd6 22. Qb2 f6 23. Ng4 Re7 24. Qa3 Qa6 25. Rb1 Rxe2 26. Qc5 Qc6 27. Rb4
Rxa2 28. Rxa4 Qxa4 29. Qxd5+ Kf8 30. Qxd6+ Ke8 31. Qe6+ Kf8 32. Qd6+ Ke8 33.
Bd2 Ra1 34. Bc1 Qb5 35. Re1+ Kf7 36. Qe6+ Kf8 37. Nxf6 gxf6 38. Bh6# 1-0

[Event "WinterChess sub 2200 enero 2013"]
[Site "Palma de Mallorca ESP"]
[Date "2013.01.12"]
[Round "1.3"]
[White "Fullana Benito, David"]
[Black "Shen, Yue"]
[Result "0-1"]
[WhiteElo "1825"]
[BlackElo "2150"]
[PlyCount "100"]
[EventDate "2013.01.12"]
[EventType "swiss"]
[EventRounds "9"]
[EventCountry "ESP"]
[Source "lmi"]
[SourceDate "2013.01.12"]

1. d4 Nf6 2. Nf3 e6 3. Bf4 Be7 4. e3 O-O 5. Bd3 b6 6. Nbd2 Ba6 7. c4 c5 8. O-O
cxd4 9. exd4 d5 10. Ne5 Bb7 11. Rc1 Nc6 12. Be3 dxc4 13. Ndxc4 Rc8 14. Nxc6
Rxc6 15. Qf3 b5 16. Ne5 Rxc1 17. Qxb7 Qc7 18. Qxc7 Rxc7 19. Bxb5 Nd5 20. a4 Rb8
21. Nc6 Rb6 22. Nxe7+ Rxe7 23. b3 Rc7 24. Bc4 Nxe3 25. fxe3 Kf8 26. Kf2 Ke7 27.
Ke2 f6 28. e4 Rd7 29. Ke3 h5 30. h4 Rbd6 31. d5 exd5 32. Bxd5 Rc7 33. Bc4 Rc5
34. g3 Kd8 35. Rf5 Re5 36. Kf4 Rxf5+ 37. Kxf5 Rd2 38. Kg6 Rg2 39. Kxg7 Ke7 40.
Kh6 Rxg3 41. Kxh5 a5 42. Kh6 Rg4 43. Bd5 Rxh4+ 44. Kg6 Rf4 45. b4 axb4 46. a5
Rf3 47. e5 Rg3+ 48. Kf5 Rg5+ 49. Ke4 Rxe5+ 50. Kd4 Kd6 0-1

[Event "WinterChess sub 2200 enero 2013"]
[Site "Palma de Mallorca ESP"]
[Date "2013.01.12"]
[Round "1.4"]
[White "Martinez Vicario, Jose Maria"]
[Black "Ballester Cladera, Antonio"]
[Result "1-0"]
[WhiteElo "2131"]
[BlackElo "1787"]
[PlyCount "67"]
[EventDate "2013.01.12"]
[EventType "swiss"]
[EventRounds "9"]
[EventCountry "ESP"]
[Source "lmi"]
[SourceDate "2013.01.12"]

1. e4 e5 2. Nf3 Nc6 3. d4 exd4 4. Nxd4 Bc5 5. Be3 Bb6 6. Be2 Nf6 7. Nc3 O-O 8.
Qd2 Re8 9. f3 Nxd4 10. Bxd4 Bxd4 11. Qxd4 d6 12. O-O-O Qe7 13. h4 Qe5 14. Qd2
Qa5 15. g4 Be6 16. a3 a6 17. g5 Nd7 18. f4 b5 19. h5 b4 20. Nb1 Rab8 21. h6 Qb6
22. axb4 Qxb4 23. c3 Qxe4 24. Bd3 Qd5 25. c4 Qc5 26. Qc3 f6 27. hxg7 Bf5 28.
gxf6 Nxf6 29. Qxf6 Qe3+ 30. Kc2 Bxd3+ 31. Rxd3 Qe2+ 32. Nd2 Re4 33. b3 a5 34.
Rxh7 1-0

[Event "WinterChess sub 2200 enero 2013"]
[Site "Palma de Mallorca ESP"]
[Date "2013.01.12"]
[Round "1.5"]
[White "Terradas Calafell, Jaume"]
[Black "Vich Ramirez, Carles"]
[Result "0-1"]
[WhiteElo "1784"]
[BlackElo "2126"]
[PlyCount "72"]
[EventDate "2013.01.12"]
[EventType "swiss"]
[EventRounds "9"]
[EventCountry "ESP"]
[Source "lmi"]
[SourceDate "2013.01.12"]

1. e4 b6 2. d4 Bb7 3. Nc3 e6 4. Nf3 Nf6 5. Bg5 h6 6. Bxf6 Qxf6 7. Qd2 Bb4 8.
Bd3 c5 9. dxc5 bxc5 10. e5 Qe7 11. Qe3 Bxc3+ 12. bxc3 O-O 13. Rb1 Bd5 14. O-O
Nc6 15. Nd2 c4 16. Bxc4 Bxc4 17. Nxc4 f6 18. Rb7 f5 19. Rd1 f4 20. Qf3 Rad8 21.
Rd6 Nxe5 22. Nxe5 Qxd6 23. Nc4 Qc6 24. Nd2 Qxf3 25. gxf3 d5 26. Nb3 Rf7 27. Rb4
Re8 28. Nd4 e5 29. Nb5 Rc8 30. Rb3 Rb7 31. Kf1 a6 32. Na3 Rxb3 33. cxb3 Rxc3
34. Ke2 Rc1 35. Kd2 Rf1 36. Ke2 Ra1 0-1

[Event "WinterChess sub 2200 enero 2013"]
[Site "Palma de Mallorca ESP"]
[Date "2013.01.12"]
[Round "1.6"]
[White "Planas Gene, Juan"]
[Black "Orcera Gomez, Francisco"]
[Result "1/2-1/2"]
[WhiteElo "2109"]
[BlackElo "1783"]
[PlyCount "88"]
[EventDate "2013.01.12"]
[EventType "swiss"]
[EventRounds "9"]
[EventCountry "ESP"]
[Source "lmi"]
[SourceDate "2013.01.12"]

1. d4 d5 2. c4 c6 3. Nf3 Nf6 4. Nc3 g6 5. Bf4 Bg7 6. e3 O-O 7. Bd3 Nbd7 8. O-O
Nh5 9. cxd5 Nxf4 10. exf4 cxd5 11. Nxd5 Nb6 12. Nxb6 Qxb6 13. Bc4 Bg4 14. d5
Qxb2 15. Rb1 Qc3 16. Qb3 Bxf3 17. Qxc3 Bxc3 18. gxf3 Rac8 19. Bd3 Rc7 20. f5
Rd8 21. fxg6 hxg6 22. Be4 f5 23. Bc2 Kg7 24. Bb3 Be5 25. Rfe1 Kf6 26. Kg2 Rh8
27. h3 b6 28. Re2 Rh5 29. Rbe1 Bd6 30. Re6+ Kf7 31. R1e2 Rg5+ 32. Kf1 Rc1+ 33.
Re1 Rxe1+ 34. Rxe1 b5 35. a4 b4 36. Rc1 Rh5 37. Kg2 Rh8 38. Rc6 Rb8 39. f4 Kg7
40. Ra6 Rb7 41. Kf3 Kh6 42. Rc6 Rc7 43. Rxc7 Bxc7 44. h4 Kh5 1/2-1/2

[Event "WinterChess sub 2200 enero 2013"]
[Site "Palma de Mallorca ESP"]
[Date "2013.01.12"]
[Round "1.7"]
[White "Gutierrez Renedo, Manuel"]
[Black "Vallespir Salor, Gabriel"]
[Result "0-1"]
[WhiteElo "1747"]
[BlackElo "2102"]
[PlyCount "56"]
[EventDate "2013.01.12"]
[EventType "swiss"]
[EventRounds "9"]
[EventCountry "ESP"]
[Source "lmi"]
[SourceDate "2013.01.12"]

1. b3 e5 2. Bb2 Nc6 3. e3 Nf6 4. Bb5 d6 5. Ne2 Bd7 6. O-O a6 7. Bxc6 Bxc6 8. d4
exd4 9. Nxd4 Bd7 10. c4 Be7 11. Nc3 O-O 12. Qc2 c6 13. Nf5 Bxf5 14. Qxf5 Qc8
15. Qc2 b5 16. Ne4 Nxe4 17. Qxe4 Qe6 18. Qxc6 Rfc8 19. Qd5 bxc4 20. bxc4 Rab8
21. Ba3 Rxc4 22. Qd3 Rbc8 23. Rfd1 a5 24. h3 Rc3 25. Qa6 Rxa3 26. Rab1 Rxa2 27.
Rb6 Rd8 28. Rdb1 Qf6 0-1

[Event "WinterChess sub 2200 enero 2013"]
[Site "Palma de Mallorca ESP"]
[Date "2013.01.12"]
[Round "1.8"]
[White "Queirolo Perez, Manuel"]
[Black "Trillo-Figueroa Vidal, Antonio"]
[Result "1/2-1/2"]
[WhiteElo "2096"]
[BlackElo "1743"]
[PlyCount "66"]
[EventDate "2013.01.12"]
[EventType "swiss"]
[EventRounds "9"]
[EventCountry "ESP"]
[Source "lmi"]
[SourceDate "2013.01.12"]

1. e4 c5 2. Nf3 d6 3. d4 cxd4 4. Nxd4 Nf6 5. Nc3 a6 6. Bg5 e6 7. f4 Be7 8. Qf3
Qc7 9. g4 Nbd7 10. O-O-O O-O 11. h4 b5 12. Bxf6 Nxf6 13. g5 Nd7 14. h5 b4 15.
Nce2 Nc5 16. g6 h6 17. gxf7+ Rxf7 18. Bh3 e5 19. Nf5 Bxf5 20. Bxf5 Bf6 21. Kb1
a5 22. Nc1 Rff8 23. Nd3 Nxd3 24. Rxd3 exf4 25. Qxf4 Be5 26. Qg4 Rf6 27. Rg1 a4
28. Qe2 a3 29. b3 Kh8 30. Qd2 Qc5 31. Qg2 Qc7 32. Qd2 Qc5 33. Qg2 Qc7 1/2-1/2

[Event "WinterChess sub 2200 enero 2013"]
[Site "Palma de Mallorca ESP"]
[Date "2013.01.12"]
[Round "1.9"]
[White "Dominguez Marquez, Juan Carlos"]
[Black "Guerreiro, Nuno"]
[Result "0-1"]
[WhiteElo "1738"]
[BlackElo "2085"]
[PlyCount "48"]
[EventDate "2013.01.12"]
[EventType "swiss"]
[EventRounds "9"]
[EventCountry "ESP"]
[Source "lmi"]
[SourceDate "2013.01.12"]

1. e4 c5 2. Nf3 g6 3. d4 cxd4 4. Nxd4 Nc6 5. Be3 Bg7 6. Be2 Nf6 7. Nc3 O-O 8.
O-O d5 9. exd5 Nb4 10. Bf3 Nbxd5 11. Nxd5 Nxd5 12. Bxd5 Qxd5 13. c3 a5 14. Nb3
Qc6 15. Qe2 b6 16. Rad1 Qa4 17. Nc1 Ba6 18. Qf3 Bxf1 19. Rxf1 Qc2 20. Qe2 Qxe2
21. Nxe2 Rad8 22. f4 Rd3 23. Kf2 Rfd8 24. Re1 Rd1 0-1

[Event "WinterChess sub 2200 enero 2013"]
[Site "Palma de Mallorca ESP"]
[Date "2013.01.12"]
[Round "1.10"]
[White "Ponce Cano, Adrian"]
[Black "Alcover Balaguer, Jordi"]
[Result "1-0"]
[WhiteElo "2078"]
[BlackElo "1736"]
[PlyCount "65"]
[EventDate "2013.01.12"]
[EventType "swiss"]
[EventRounds "9"]
[EventCountry "ESP"]
[Source "lmi"]
[SourceDate "2013.01.12"]

1. e4 e6 2. d3 d5 3. Nd2 Nf6 4. Ngf3 c5 5. g3 Nc6 6. Bg2 Be7 7. O-O O-O 8. Re1
Qc7 9. Qe2 Re8 10. Nf1 dxe4 11. dxe4 b6 12. e5 Nd7 13. h4 Bb7 14. c3 c4 15.
Qxc4 Rac8 16. Qf4 b5 17. N1h2 Nb6 18. Qg4 Nc4 19. Qf4 Red8 20. Ng4 Rd7 21. Ng5
Bc5 22. Qe4 g6 23. Nh6+ Kg7 24. Nhxf7 Nd8 25. Nxd8 Bxe4 26. Ndxe6+ Kg8 27. Nxc7
Bxg2 28. Kxg2 Rcxc7 29. Ne6 Rc8 30. b3 Nb6 31. Nxc5 Rxc5 32. e6 Re7 33. Ba3 1-0

[Event "WinterChess sub 2200 enero 2013"]
[Site "Palma de Mallorca ESP"]
[Date "2013.01.12"]
[Round "1.11"]
[White "Serra Canaves, Antonio"]
[Black "Munar Rossello, Pedro"]
[Result "0-1"]
[WhiteElo "1731"]
[BlackElo "2076"]
[PlyCount "46"]
[EventDate "2013.01.12"]
[EventType "swiss"]
[EventRounds "9"]
[EventCountry "ESP"]
[Source "lmi"]
[SourceDate "2013.01.12"]

1. e4 c5 2. Nf3 e6 3. d4 cxd4 4. Nxd4 a6 5. Nc3 Qc7 6. Be3 Bb4 7. Qd2 Nf6 8.
Bd3 d5 9. exd5 Nxd5 10. Nde2 Nxe3 11. Qxe3 Nd7 12. O-O Bc5 13. Qg5 Qe5 14. Qxe5
Nxe5 15. Rad1 f5 16. Na4 Ba7 17. c4 Bd7 18. Nac3 Rc8 19. b3 Ke7 20. h3 g5 21.
Bb1 h5 22. Kh1 Rh7 23. f4 Ng4 0-1

[Event "WinterChess sub 2200 enero 2013"]
[Site "Palma de Mallorca ESP"]
[Date "2013.01.12"]
[Round "1.12"]
[White "Bergas Ferriol, Jeronimo"]
[Black "Jaume Pons, Antonio"]
[Result "1-0"]
[WhiteElo "2050"]
[BlackElo "1716"]
[PlyCount "47"]
[EventDate "2013.01.12"]
[EventType "swiss"]
[EventRounds "9"]
[EventCountry "ESP"]
[Source "lmi"]
[SourceDate "2013.01.12"]

1. d4 Nf6 2. Nf3 d5 3. g3 c6 4. Bg2 e6 5. O-O Be7 6. c4 O-O 7. Nc3 Nbd7 8. Re1
Re8 9. b3 Bb4 10. Bb2 c5 11. a3 Bxc3 12. Bxc3 Ne4 13. Bb2 dxc4 14. bxc4 Ndf6
15. Qc2 Qb6 16. e3 Bd7 17. Ne5 Bc6 18. Nxc6 Qxc6 19. dxc5 Rad8 20. Bxf6 Rd2 21.
Qxe4 Qxe4 22. Bxe4 gxf6 23. Bxb7 Rb2 24. c6 1-0

[Event "WinterChess sub 2200 enero 2013"]
[Site "Palma de Mallorca ESP"]
[Date "2013.01.12"]
[Round "1.13"]
[White "Coll Verger, Amador"]
[Black "Schenk Papke, Andres"]
[Result "0-1"]
[WhiteElo "1712"]
[BlackElo "2046"]
[PlyCount "72"]
[EventDate "2013.01.12"]
[EventType "swiss"]
[EventRounds "9"]
[EventCountry "ESP"]
[Source "lmi"]
[SourceDate "2013.01.12"]

1. Nf3 d5 2. d4 c5 3. g3 cxd4 4. Nxd4 e5 5. Nf3 Nc6 6. Bg2 Nf6 7. O-O Be7 8. b3
O-O 9. Bb2 Qc7 10. Nc3 Rd8 11. Nb5 Qb8 12. a4 a6 13. Na3 Bf5 14. Nh4 Bg4 15. h3
Be6 16. Qe1 b5 17. Nb1 Qb6 18. Bc1 Rac8 19. Nf3 Ne4 20. Kh2 f6 21. a5 Qa7 22.
c3 Bc5 23. e3 b4 24. Bb2 bxc3 25. Nxc3 Bb4 26. Rc1 Nxa5 27. Nb5 Bxe1 28. Nxa7
Rxc1 29. Bxc1 Bxf2 30. Bd2 Bxg3+ 31. Kg1 Nxb3 32. Bb4 a5 33. Be7 Rd7 34. Nc6
Rc7 35. Ncxe5 Bxe5 36. Nxe5 Rxe7 0-1

[Event "WinterChess sub 2200 enero 2013"]
[Site "Palma de Mallorca ESP"]
[Date "2013.01.12"]
[Round "1.14"]
[White "Torres Tur, Juan"]
[Black "Abrines Sampol, Lorenzo"]
[Result "1-0"]
[WhiteElo "2045"]
[BlackElo "1701"]
[PlyCount "79"]
[EventDate "2013.01.12"]
[EventType "swiss"]
[EventRounds "9"]
[EventCountry "ESP"]
[Source "lmi"]
[SourceDate "2013.01.12"]

1. d4 Nf6 2. c4 e6 3. Nf3 b6 4. Nc3 Bb4 5. Qc2 Bb7 6. Bg5 h6 7. Bd2 Bxf3 8.
gxf3 Nc6 9. e3 d5 10. a3 Bd6 11. cxd5 exd5 12. Nxd5 Ne7 13. Nxf6+ gxf6 14. Bb5+
Kf8 15. Bc6 Nxc6 16. Qxc6 Qe8 17. Qxe8+ Rxe8 18. Rc1 Rg8 19. Ke2 Rg6 20. Bb4
Bxb4 21. axb4 Re7 22. Rc6 f5 23. Rhc1 Rxc6 24. Rxc6 Kg7 25. Kd3 a6 26. d5 f6
27. Kd4 h5 28. h4 Kf7 29. d6 cxd6 30. Rxb6 Rc7 31. Rxd6 Rc2 32. Rxa6 Rxb2 33.
Kc5 Rxf2 34. b5 Rxf3 35. b6 Rxe3 36. b7 Re5+ 37. Kb6 f4 38. b8=Q Re6+ 39. Kc5
Rxa6 40. Qb7+ 1-0

[Event "WinterChess sub 2200 enero 2013"]
[Site "Palma de Mallorca ESP"]
[Date "2013.01.12"]
[Round "1.15"]
[White "Ramis Sebastia, Jordi Salvador"]
[Black "Llorens Hofman, Ivan"]
[Result "0-1"]
[WhiteElo "1696"]
[BlackElo "2036"]
[PlyCount "86"]
[EventDate "2013.01.12"]
[EventType "swiss"]
[EventRounds "9"]
[EventCountry "ESP"]
[Source "lmi"]
[SourceDate "2013.01.12"]

1. d4 Nf6 2. c4 g6 3. Nc3 Bg7 4. e4 d6 5. g3 O-O 6. Bg2 Nbd7 7. Nge2 e5 8. d5
a5 9. O-O Ne8 10. f4 f5 11. Be3 Qe7 12. Qc2 Nef6 13. a3 Ng4 14. Bd2 Nc5 15. b4
Nxe4 16. Rae1 Nxd2 17. Qxd2 axb4 18. axb4 e4 19. h3 Nf6 20. Qe3 Nd7 21. Ra1
Rxa1 22. Rxa1 Nb6 23. Qc1 Nxc4 24. Nb5 Bxa1 25. Qxa1 c6 26. Nbc3 Ne3 27. dxc6
bxc6 28. Nd4 Qb7 29. Qa2+ d5 30. Qa5 Nc4 31. Qc5 Bd7 32. Bf1 Qb6 33. Na4 Qxc5
34. Nxc5 Nb6 35. Nxd7 Nxd7 36. Nxc6 Kf7 37. Ba6 Ke6 38. Kf2 Kd6 39. b5 Kc5 40.
Ke3 Nb6 41. Ne5 d4+ 42. Kd2 Nc4+ 43. Ke1 Nxe5 0-1

[Event "WinterChess sub 2200 enero 2013"]
[Site "Palma de Mallorca ESP"]
[Date "2013.01.12"]
[Round "1.16"]
[White "Valls Casas, Jordi"]
[Black "Garcia Comendador, Simon"]
[Result "1-0"]
[WhiteElo "2030"]
[BlackElo "1643"]
[PlyCount "55"]
[EventDate "2013.01.12"]
[EventType "swiss"]
[EventRounds "9"]
[EventCountry "ESP"]
[Source "lmi"]
[SourceDate "2013.01.12"]

1. d4 g6 2. Nf3 e6 3. c4 c5 4. Nc3 Bg7 5. Nb5 d5 6. dxc5 Bf8 7. b4 a6 8. Nd6+
Bxd6 9. cxd6 Qxd6 10. Qd4 f6 11. c5 Qd8 12. Bb2 Nc6 13. Qc3 e5 14. e3 Bg4 15.
Be2 Nge7 16. h3 Bxf3 17. Bxf3 d4 18. Qc4 Qd7 19. O-O f5 20. exd4 Nxd4 21. Bxd4
b5 22. cxb6 Rc8 23. Bc5 e4 24. Be2 Nc6 25. Rfd1 Qf7 26. Qxf7+ Kxf7 27. Bxa6 Ra8
28. Bb7 1-0

[Event "WinterChess sub 2200 enero 2013"]
[Site "Palma de Mallorca ESP"]
[Date "2013.01.12"]
[Round "1.17"]
[White "Rubert Alfonso, Victor"]
[Black "Juan Mas, Santiago"]
[Result "0-1"]
[WhiteElo "1591"]
[BlackElo "2025"]
[PlyCount "62"]
[EventDate "2013.01.12"]
[EventType "swiss"]
[EventRounds "9"]
[EventCountry "ESP"]
[Source "lmi"]
[SourceDate "2013.01.12"]

1. e4 g6 2. Nf3 Bg7 3. d4 d6 4. Bf4 c6 5. Nc3 Bg4 6. h3 Bxf3 7. Qxf3 Bxd4 8.
Bc4 Bf6 9. Rd1 Qc7 10. O-O Nd7 11. Rfe1 Ne5 12. Bxe5 dxe5 13. Rd3 e6 14. Red1
Rd8 15. Qe3 Qb6 16. Qd2 Rxd3 17. Qxd3 Qc7 18. Qf3 Be7 19. Rd3 Nf6 20. Qe3 b5
21. Bb3 O-O 22. Ne2 Nd7 23. c4 Nc5 24. Rd2 b4 25. Bc2 Kg7 26. b3 h6 27. g3 Nd7
28. Kg2 Rd8 29. Nc1 Bg5 30. f4 exf4 31. Qf3 Ne5 0-1

[Event "WinterChess sub 2200 enero 2013"]
[Site "Palma de Mallorca ESP"]
[Date "2013.01.12"]
[Round "1.18"]
[White "Gromovs, Sergejs"]
[Black "Cristea, Adrian"]
[Result "1-0"]
[WhiteElo "2001"]
[BlackElo "1582"]
[PlyCount "99"]
[EventDate "2013.01.12"]
[EventType "swiss"]
[EventRounds "9"]
[EventCountry "ESP"]
[Source "lmi"]
[SourceDate "2013.01.12"]

1. d4 d5 2. c4 e6 3. Nc3 dxc4 4. e4 Nc6 5. Nf3 Bb4 6. Bxc4 Nf6 7. d5 Nxe4 8.
dxc6 Qxd1+ 9. Kxd1 Nxf2+ 10. Ke2 Nxh1 11. cxb7 Bxb7 12. Bf4 O-O 13. Rxh1 a5 14.
Rc1 Rfd8 15. a3 Bxf3+ 16. Kxf3 Rd4 17. Ne2 Rxf4+ 18. Nxf4 Bd6 19. g3 g6 20. Rc2
Kg7 21. Bb5 h5 22. a4 Ra7 23. Rc6 Kh6 24. h4 Ra8 25. Nh3 f6 26. Nf4 e5 27. Nd5
f5 28. Nxc7 e4+ 29. Kg2 Rd8 30. Ne6 Bxg3 31. Nxd8 Bxh4 32. Nf7+ Kg7 33. Ne5 Bf6
34. Rc7+ Kh6 35. Nf7+ Kg7 36. b3 h4 37. Kh3 e3 38. Bd3 Kh7 39. Kg2 Bd4 40. Kf3
Kg7 41. Ng5+ Kh6 42. Ne6 Be5 43. Rc4 Bh2 44. Rc8 Be5 45. Kxe3 h3 46. Kf3 Kh5
47. Nf4+ Bxf4 48. Kxf4 g5+ 49. Kxf5 Kh4 50. Rh8+ 1-0

[Event "WinterChess sub 2200 enero 2013"]
[Site "Palma de Mallorca ESP"]
[Date "2013.01.12"]
[Round "1.19"]
[White "Mateu Mir, Gabriel"]
[Black "Sanchez Fernandez, Jose Joaqui"]
[Result "0-1"]
[WhiteElo "1552"]
[BlackElo "1989"]
[PlyCount "89"]
[EventDate "2013.01.12"]
[EventType "swiss"]
[EventRounds "9"]
[EventCountry "ESP"]
[Source "lmi"]
[SourceDate "2013.01.12"]

1. d4 Nf6 2. c4 e6 3. Nc3 Bb4 4. Bd2 c5 5. d5 O-O 6. a3 Ba5 7. Nf3 d6 8. Qc2
exd5 9. Nxd5 Bxd2+ 10. Qxd2 Be6 11. Nxf6+ Qxf6 12. e3 Rd8 13. Be2 d5 14. cxd5
Bxd5 15. Qc2 b6 16. O-O Nd7 17. b4 Rac8 18. Qb1 Be6 19. b5 Ne5 20. Nxe5 Qxe5
21. Bf3 Bc4 22. Rc1 Bd3 23. Qb3 c4 24. Qb4 Rc5 25. a4 Rd6 26. Rc3 f5 27. Rac1
g5 28. g3 f4 29. Qb2 fxe3 30. fxe3 Qxe3+ 31. Qf2 Qxf2+ 32. Kxf2 Rf6 33. Kg2
Rcf5 34. Bc6 Rf2+ 35. Kg1 Rf1+ 36. Rxf1 Rxf1+ 37. Kg2 Rf5 38. Rc1 Re5 39. g4
Kf7 40. Kg3 Ke6 41. h4 gxh4+ 42. Kxh4 Kd6 43. g5 Kc5 44. Kh5 Kb4 45. Be8 0-1

[Event "WinterChess sub 2200 enero 2013"]
[Site "Palma de Mallorca ESP"]
[Date "2013.01.12"]
[Round "1.20"]
[White "Crespi Lopez, Juan"]
[Black "Castell Cantero, Jose Juan"]
[Result "1-0"]
[WhiteElo "1972"]
[BlackElo "1530"]
[PlyCount "49"]
[EventDate "2013.01.12"]
[EventType "swiss"]
[EventRounds "9"]
[EventCountry "ESP"]
[Source "lmi"]
[SourceDate "2013.01.12"]

1. d4 Nf6 2. Bg5 d5 3. Bxf6 gxf6 4. e3 e5 5. c4 Nc6 6. Nc3 Bb4 7. a3 Bxc3+ 8.
bxc3 Be6 9. e4 Ne7 10. cxd5 Bd7 11. dxe5 Ng6 12. exf6 Qxf6 13. Qd4 Ne5 14. Nf3
Ng4 15. e5 Qe7 16. Be2 Bf5 17. h3 Nh6 18. d6 Qe6 19. dxc7 Ke7 20. Qc5+ Kd7 21.
c8=Q+ Rhxc8 22. Bb5+ Rc6 23. Rd1+ Kc7 24. Bxc6 bxc6 25. Rd6 1-0

[Event "WinterChess sub 2200 enero 2013"]
[Site "Palma de Mallorca ESP"]
[Date "2013.01.12"]
[Round "1.23"]
[White "Martinez Fernandez, Emma"]
[Black "Nadal Marti, Bernardo Pedro"]
[Result "0-1"]
[WhiteElo "1507"]
[BlackElo "1941"]
[PlyCount "44"]
[EventDate "2013.01.12"]
[EventType "swiss"]
[EventRounds "9"]
[EventCountry "ESP"]
[Source "lmi"]
[SourceDate "2013.01.12"]

1. e4 c6 2. d4 d5 3. e5 Bf5 4. Nf3 e6 5. Bd2 Nd7 6. Nc3 Ne7 7. Nh4 Qb6 8. Nxf5
Nxf5 9. Be3 Qxb2 10. Na4 Bb4+ 11. Ke2 Qa3 12. Nc5 Nxc5 13. dxc5 Nxe3 14. fxe3
Bxc5 15. Qd3 Qb2 16. Qd1 Qxe5 17. Qc1 d4 18. Rb1 O-O-O 19. Rb3 dxe3 20. Rd3
Rxd3 21. cxd3 Qh5+ 22. Ke1 Bb4+ 0-1

[Event "WinterChess sub 2200 enero 2013"]
[Site "Palma de Mallorca ESP"]
[Date "2013.01.12"]
[Round "1.24"]
[White "Fiol Company, Juan"]
[Black "Rodriguez Bennassar, Miquel A"]
[Result "1-0"]
[WhiteElo "1935"]
[BlackElo "1452"]
[PlyCount "47"]
[EventDate "2013.01.12"]
[EventType "swiss"]
[EventRounds "9"]
[EventCountry "ESP"]
[Source "lmi"]
[SourceDate "2013.01.12"]

1. e4 e6 2. d4 d5 3. Nc3 Nf6 4. Bg5 Be7 5. e5 Ne4 6. Bxe7 Qxe7 7. Nxe4 dxe4 8.
c3 O-O 9. Qc2 c5 10. Qxe4 cxd4 11. Bd3 g6 12. Qxd4 Nc6 13. Qe3 Kg7 14. Nf3 Bd7
15. O-O b6 16. Rad1 f6 17. exf6+ Rxf6 18. Rd2 Raf8 19. Be4 e5 20. Bxc6 Bxc6 21.
Qxe5 Qe6 22. Qxe6 Rxe6 23. Nd4 Rd6 24. Nf5+ 1-0

[Event "WinterChess sub 2200 enero 2013"]
[Site "Palma de Mallorca ESP"]
[Date "2013.01.12"]
[Round "1.25"]
[White "Porcel Jimenez, Ramon"]
[Black "Oliver Amengual, Adria"]
[Result "0-1"]
[WhiteElo "1447"]
[BlackElo "1931"]
[PlyCount "76"]
[EventDate "2013.01.12"]
[EventType "swiss"]
[EventRounds "9"]
[EventCountry "ESP"]
[Source "lmi"]
[SourceDate "2013.01.12"]

1. e4 c5 2. Nf3 d6 3. d4 cxd4 4. Nxd4 Nf6 5. Nc3 a6 6. Be3 e5 7. Nb3 Be6 8. Be2
Be7 9. O-O O-O 10. f4 exf4 11. Bxf4 Nc6 12. Be3 Ne5 13. Nd4 Rc8 14. Nxe6 fxe6
15. Qd4 Qc7 16. Qb6 Qxb6 17. Bxb6 Nc4 18. Bxc4 Rxc4 19. Rae1 Nd7 20. Bf2 Bf6
21. Re2 Be5 22. Rc1 Nf6 23. Bg3 Bxc3 24. bxc3 Rxe4 25. Rce1 d5 26. h3 Rxe2 27.
Rxe2 Ne4 28. Be1 Rc8 29. Re3 Rc4 30. g4 Ra4 31. g5 Nxg5 32. Kg2 Rxa2 33. Re2
Ra4 34. Re5 h6 35. Bd2 Re4 36. Rxe4 Nxe4 37. Be1 Kf7 38. Kf3 Kf6 0-1

[Event "WinterChess sub 2200 enero 2013"]
[Site "Palma de Mallorca ESP"]
[Date "2013.01.12"]
[Round "1.26"]
[White "Asensio Ramos, Enrique Fernando"]
[Black "Alemany Ramon, Angel"]
[Result "1/2-1/2"]
[WhiteElo "1904"]
[BlackElo "1394"]
[PlyCount "76"]
[EventDate "2013.01.12"]
[EventType "swiss"]
[EventRounds "9"]
[EventCountry "ESP"]
[Source "lmi"]
[SourceDate "2013.01.12"]

1. d4 Nf6 2. Bf4 d6 3. e3 g6 4. Be2 Bg7 5. Nf3 O-O 6. c4 Nh5 7. Bg5 f6 8. Bh4
g5 9. Bg3 Nxg3 10. hxg3 h6 11. Qc2 f5 12. g4 c6 13. Bd3 Qa5+ 14. Nc3 e6 15.
gxf5 exf5 16. g4 Na6 17. c5 Nb4 18. Qb1 Nxd3+ 19. Qxd3 fxg4 20. Nxg5 Bf5 21. e4
Rae8 22. O-O-O hxg5 23. exf5 dxc5 24. f6 Rxf6 25. Qh7+ Kf7 26. Qh5+ Rg6 27.
Rhe1 Rxe1 28. Rxe1 cxd4 29. Qxg4 dxc3 30. Qd7+ Kg8 31. Qe8+ Kh7 32. Rh1+ Bh6
33. Qe7+ Rg7 34. Qe4+ Rg6 35. Qe7+ Rg7 36. Qe4+ Rg6 37. Qe7+ Rg7 38. Qe4+ Rg6
1/2-1/2